000 00994nam a2200277 i 4500
001 75354
003 ES-MaACL
005 20250905123709.0
007 t|
008 040923s1982 mx ||||1| spa d
020 _a84-375-0213-6
100 1 _aGregorovius, Ferdinand.
_959911
245 1 0 _aRoma y Atenas en la Edad Media y otros ensayos /
_cFerdinand Gregorovius ; prólogo y traducción de Wenceslao Roces.
250 _a1ª ed., reimp.
260 _aMéxico :
_bFondo de Cultura Económica,
_c1982.
300 _a417 p., 8 lám. ;
_c23 cm.
490 1 _aSección de obras históricas
650 4 _aIglesia y Estado-
_zSacro Imperio Romano Germánico.
_9165472
650 7 _aArte italiano
_2embne
_9155745
651 4 _aRoma (Ciudad)-
_xHistoria-
_y476-1420.
_9165473
651 4 _aAtenas-
_xHistoria.
_9141118
700 1 _aRoces, Wenceslao,
_d1897-1992
_998039
830 1 _aSección de obras históricas
_9183493
852 _aES-MaACL
_jL-2449
999 _c75354
_d75354